000 00490nam a2200217 454500
001 058175
003 BD-ChCU
008 Eng
020 _a8181282574
040 _aDLC
_cDLC
_dBD-ChCU
082 0 0 _a519.5/S559m
100 1 _aShao, Jun
_bx
245 1 0 _aMathematical statistics
_bx
250 _a2nd
260 _aNew Delhi
_bSpringer
_c2005
300 _axvi, 591
504 _aIncludes
650 0 _aMathematical statistics
_bStatistics
700 1 _ax
942 _2ddc
_cBK
999 _c58175
_d58175